| 000 | 00496nam a2200181 i 4500 | ||
|---|---|---|---|
| 001 | 30528 | ||
| 003 | ES-MaACL | ||
| 005 | 20230906154217.0 | ||
| 007 | t| | ||
| 008 | 030124s1980 sp ||||1| spa d | ||
| 100 | 1 |
_aBarthes, Roland. _926125 |
|
| 245 | 1 | 0 |
_aS/Z / _cpor Roland Barthes ; traducción de Nicolás Rosa. |
| 250 | _a1ª ed. | ||
| 260 |
_a[Madrid] : _bSiglo XX, _c[1980] |
||
| 300 |
_a221 p. ; _c21 cm. |
||
| 700 | 1 |
_aRosa, Nicolás. _999608 |
|
| 852 |
_aES-MaACL _jA-10890 _bR.100257 |
||
| 999 |
_c30528 _d30528 |
||